Infancia en Berlín hacia 1900 / (Record no. 10617)

MARC details
000 -LEADER
campo de control de longitud fija 00904nam a2200301 4500
001 - NÚMERO DE CONTROL
campo de control 10617
003 - IDENTIFICADOR DE NÚMERO DE CONTROL
campo de control ES-MaACL
005 - FECHA Y HORA DE LA ÚLTIMA TRANSACCIÓN
campo de control 20250803063026.0
007 - CAMPO FIJO DE DESCRIPCIÓN FÍSICA--INFORMACIÓN GENERAL
campo de control de longitud fija t|
008 - DATOS DE LONGITUD FIJA--INFORMACIÓN GENERAL
campo de control de longitud fija 000000s1990 sp ||||0| spa j
016 7# - NÚMERO DE CONTROL DE UNA AGENCIA BIBLIOGRÁFICA NACIONAL
Número de control cancelado/no válido IBH8312746
020 ## - NÚMERO INTERNACIONAL ESTÁNDAR DEL LIBRO
Número Internacional Estándar del Libro 84-204-2506-0
040 ## - FUENTE DE CATALOGACIÓN
Centro catalogador/agencia de origen IBH
Lengua de catalogación spa
Centro/agencia transcriptor M-BN-DP
080 ## - NÚMERO DE LA CLASIFICACIÓN DECIMAL UNIVERSAL
Número de la Clasificación Decimal Universal 92 Benjamin, Walter
080 ## - NÚMERO DE LA CLASIFICACIÓN DECIMAL UNIVERSAL
Número de la Clasificación Decimal Universal 830-94"19"
100 1# - ENTRADA PRINCIPAL--NOMBRE DE PERSONA
Nombre de persona Benjamin, Walter,
Fechas asociadas al nombre 1892-1940
9 (RLIN) 241507
245 10 - MENCIÓN DEL TÍTULO
Título Infancia en Berlín hacia 1900 /
Mención de responsabilidad, etc. Walter Benjamin ; traducción [del alemán] de Klaus Wagner.
250 ## - MENCION DE EDICION
Mención de edición 1ª ed., 2ª reimp.
260 ## - PUBLICACIÓN, DISTRIBUCIÓN, ETC.
Lugar de publicación, distribución, etc. Madrid :
Nombre del editor, distribuidor, etc. Alfaguara,
Fecha de publicación, distribución, etc. 1990.
300 ## - DESCRIPCIÓN FÍSICA
Extensión 144 p., 1 h ;
Dimensiones 20 cm.
490 1# - MENCIÓN DE SERIE
Mención de serie Literatura Alfaguara ;
Designación de volumen o secuencia 89
500 ## - NOTA GENERAL
Nota general Indice.
700 1# - ENTRADA AGREGADA--NOMBRE PERSONAL
Nombre de persona Wagner, Klaus
9 (RLIN) 115846
830 0# - PUNTO DE ACCESO ADICIONAL DE SERIE-TÍTULO UNIFORME
Título uniforme Literatura Alfaguara ;
Designación de volumen o secuencia 89
9 (RLIN) 178100
852 ## - LOCALIZACIÓN
Ubicación ES-MaACL
Número de control de estantería L-17952
Sublocalización o colección R.123488
Holdings
Estatus retirado Estado de pérdida Estado de daño No para préstamo Biblioteca de origen Biblioteca actual Ubicación en estantería Fecha de adquisición Fuente de adquisición Total de préstamos Signatura topográfica completa Código de barras Visto por última vez Precio de reemplazo Tipo de ítem Koha
        Biblioteca del Ateneo de Madrid Biblioteca del Ateneo de Madrid Depósito 2 17/01/2008     L-17952 1010829 23/02/2023 23/02/2023 Libro impreso